01382cam a22002535a 45000010009000000050017000090080041000260200018000670400033000850820020001181000021001382450137001592600045002963000029003414900020003705040051003905200449004416500039008906510010009296530025009399420008009649990017009729520139009891730566820171123112708.0120518t2012 maua frb 001 0 eng d a9781592537679 aDLCbengcDLCdDLCdEG-ScBUE04222a686.22bCUL1 aCullen, Kristin.10aDesign elements typography fundamentals :ba graphic style manual for understanding how typography affects design /cKristin Cullen. aBeverly :bRockport Publishers,cc.2012. a160 p. :bill. ;c26 cm.0 aDesign elements aIncludes bibliographical references and index. a"Explore the fundamentals of typography with this practical new guide. An instructional reader rather than historical survey, Design Elements: Typography Fundamentals uses well-founded, guiding principles to teach the language of type and how to use it capably. Designers are left with a solid ground on which to design with type. Limitless potential for meaningful and creative communication exists--this is the field guide for the journey!"-- 7aGraphic design (Typography)2BUEsh 2BUEsh bCOMAMEcNovember2017 2ddc c25651d25623 00102ddc40708IMCaMAINbMAINc1STd2017-11-23ePurchaseg240.00h002247l0o686.22 CULp000042551r2025-07-15 00:00:00v300.00yBB